[Event "Olympiad-43"]
[Site "Batumi"]
[Date "2018.10.01"]
[Round "7.64"]
[White "Rayner, Francis"]
[Black "Yussof, Pg Abd Rahman"]
[Result "1-0"]
[WhiteElo "2083"]
[BlackElo "1854"]
[PlyCount "39"]
[EventDate "2018.09.24"]
[EventType "team-swiss"]
[EventRounds "11"]
[EventCountry "GEO"]
[SourceTitle "CBM 187"]
[Source "ChessBase"]
[SourceDate "2018.12.11"]
[SourceVersion "1"]
[SourceVersionDate "2018.12.11"]
[SourceQuality "1"]
[WhiteTeam "Wales"]
[BlackTeam "Brunei"]
[WhiteTeamCountry "WLS"]
[BlackTeamCountry "BRN"]

1. e4 e5 2. Nf3 Nc6 3. Bb5 Nd4 4. Nxd4 exd4 5. 0-0 Qg5 6. Bc4 d6 7. d3 Qg6 8. c3 dxc3 9. Nxc3 c6 10. f4 Qg4 11. Qb3 Qh5 12. d4 Ne7 13. f5 f6 14. Bf4 d5 15. exd5 Nxf5 16. Rae1+ Kd8 17. dxc6 Nd6 18. c7+ Kxc7 19. Nb5+ Kc6 20. d5+ 1-0

[Event "Dyfed op 47th"]
[Site "Fishguard"]
[Date "2018.02.17"]
[Round "3"]
[White "Taylor, Robert Graham"]
[Black "Rayner, Francis"]
[Result "0-1"]
[WhiteElo "1906"]
[BlackElo "2043"]
[PlyCount "86"]
[EventDate "2018.02.16"]
[EventType "swiss"]
[EventRounds "5"]
[EventCountry "WLS"]
[SourceTitle "EXT 2020"]
[Source "ChessBase"]
[SourceDate "2019.10.17"]
[SourceVersion "1"]
[SourceVersionDate "2019.10.17"]
[SourceQuality "1"]

1. b3 e5 2. Bb2 Nc6 3. d3 d5 4. Nd2 Be6 5. Ngf3 f6 6. e3 Qd7 7. Be2 Nge7 8. c3 g5 9. b4 Ng6 10. Nb3 b6 11. b5 Nd8 12. d4 Nf7 13. a4 Be7 14. h4 e4 15. h5 Nf4 16. exf4 exf3 17. Bxf3 g4 18. Be2 Nd6 19. g3 0-0 20. Nd2 Rae8 21. 0-0 f5 22. f3 Rf6 23. Rc1 Rh6 24. c4 Rxh5 25. cxd5 Bxd5 26. Nc4 Rh3 27. Ne5 Qe6 28. fxg4 Rxg3+ 29. Kf2 Bh4 30. Rg1 Rd3+ 31. Kf1 Rxd1+ 32. Rxd1 Kh8 33. g5 Ne4 34. g6 Ng3+ 35. Ke1 Nxe2+ 36. Kxe2 hxg6 37. Kd2 g5 38. fxg5 Kg7 39. Rc1 Qd6 40. Bc3 Be4 41. g6 Rxe5 42. Ke2 Re8 43. Bb2 Qh2+ 0-1

[Event "Hastings Masters op 93rd"]
[Site "Hastings"]
[Date "2018.01.02"]
[Round "6"]
[White "Stoyanov, Viktor"]
[Black "Rayner, Francis"]
[Result "1-0"]
[WhiteElo "1950"]
[BlackElo "2071"]
[PlyCount "115"]
[EventDate "2017.12.28"]
[EventType "swiss"]
[EventRounds "9"]
[EventCountry "ENG"]
[SourceTitle "CBM 182 Extra"]
[Source "ChessBase"]
[SourceDate "2018.02.23"]
[SourceVersion "1"]
[SourceVersionDate "2018.02.23"]
[SourceQuality "1"]

1. d4 Nf6 2. Nf3 g6 3. Nbd2 d5 4. e3 Bg7 5. b4 0-0 6. Bb2 c6 7. c4 Bf5 8. Be2 Nbd7 9. 0-0 Ne4 10. Rc1 Ndf6 11. a4 a5 12. b5 Nxd2 13. Nxd2 Ne4 14. Nb3 cxb5 15. cxb5 b6 16. Bf3 Nf6 17. Ba3 Re8 18. Be2 Bf8 19. Nd2 Rc8 20. Qb3 Be6 21. Rxc8 Qxc8 22. Rc1 Qb7 23. Nf3 Ne4 24. Ne5 f6 25. Rc6 Nd6 26. Bxd6 exd6 27. Nd3 Bd7 28. Qxd5+ Kg7 29. Rxd6 Qxd5 30. Rxd5 Be6 31. Nf4 Bxd5 32. Nxd5 Rb8 33. Kf1 Bb4 34. Bc4 f5 35. Ke2 Bd6 36. h3 Rb7 37. f3 g5 38. Bd3 f4 39. e4 Be7 40. e5 Bd8 41. Be4 Ra7 42. Kd3 h6 43. Bf5 Kf8 44. Bc8 Ra8 45. Bd7 Rb8 46. Ke4 Be7 47. Kf5 Ba3 48. Kg6 Rb7 49. e6 Be7 50. Kxh6 Bd8 51. Kg6 Ra7 52. Kf5 Kg7 53. Ke5 Kf8 54. Kd6 Rb7 55. e7+ Bxe7+ 56. Nxe7 Kf7 57. Nd5 Rb8 58. Kc7 1-0

[Event "Hastings Masters op 93rd"]
[Site "Hastings"]
[Date "2018.01.01"]
[Round "5"]
[White "Rayner, Francis"]
[Black "Howell, Oliver W"]
[Result "1-0"]
[WhiteElo "2071"]
[BlackElo "1765"]
[PlyCount "39"]
[EventDate "2017.12.28"]
[EventType "swiss"]
[EventRounds "9"]
[EventCountry "ENG"]
[SourceTitle "CBM 182 Extra"]
[Source "ChessBase"]
[SourceDate "2018.02.23"]
[SourceVersion "1"]
[SourceVersionDate "2018.02.23"]
[SourceQuality "1"]

1. Nf3 Nf6 2. c4 c5 3. Nc3 g6 4. d4 cxd4 5. Nxd4 Bg7 6. e4 Nc6 7. Nc2 d6 8. Be2 0-0 9. Be3 a6 10. 0-0 Qc7 11. f3 Na5 12. Na3 Be6 13. Rc1 Nd7 14. Qd2 Rfc8 15. Nd5 Bxd5 16. cxd5 Qd8 17. b4 Nc6 18. dxc6 bxc6 19. Nc4 c5 20. a3 1-0

[Event "Hastings Masters op 93rd"]
[Site "Hastings"]
[Date "2017.12.30"]
[Round "3"]
[White "Rayner, Francis"]
[Black "Verma, Aditya"]
[Result "1/2-1/2"]
[WhiteElo "2071"]
[BlackElo "2069"]
[PlyCount "64"]
[EventDate "2017.12.28"]
[EventType "swiss"]
[EventRounds "9"]
[EventCountry "ENG"]
[SourceTitle "CBM 182 Extra"]
[Source "ChessBase"]
[SourceDate "2018.02.23"]
[SourceVersion "1"]
[SourceVersionDate "2018.02.23"]
[SourceQuality "1"]

1. Nf3 d5 2. c4 c6 3. d4 Nf6 4. Nc3 e6 5. e3 a6 6. Bd3 dxc4 7. Bxc4 b5 8. Bd3 Nbd7 9. e4 b4 10. Na4 c5 11. 0-0 Bb7 12. Re1 Rc8 13. d5 e5 14. b3 Bd6 15. Nb2 Nb6 16. Qe2 Ra8 17. Bg5 h6 18. Bh4 Qe7 19. Nd2 g5 20. Bg3 h5 21. h4 Nfd7 22. Nbc4 Nxc4 23. Nxc4 g4 24. Ne3 Qf6 25. Rf1 Nf8 26. Bb5+ Kd8 27. Bc4 Bc8 28. f3 Ng6 29. fxg4 Nf4 30. Qf3 hxg4 31. Nxg4 Qg7 32. Ne3 Kc7 1/2-1/2

[Event "Hastings Masters op 92nd"]
[Site "Hastings"]
[Date "2016.12.29"]
[Round "2"]
[White "Rayner, Francis"]
[Black "Cunningham, Robin J"]
[Result "1/2-1/2"]
[WhiteElo "2080"]
[BlackElo "2263"]
[PlyCount "45"]
[EventDate "2016.12.28"]
[EventType "swiss"]
[EventRounds "9"]
[EventCountry "ENG"]
[SourceTitle "CBM 176 Extra"]
[Source "ChessBase"]
[SourceDate "2017.03.02"]
[SourceVersion "1"]
[SourceVersionDate "2017.03.02"]
[SourceQuality "1"]

1. e4 c5 2. Nf3 Nc6 3. Bb5 d6 4. 0-0 Bd7 5. c3 Nf6 6. Re1 a6 7. Bxc6 Bxc6 8. d4 Bxe4 9. Bg5 Bc6 10. Bxf6 gxf6 11. d5 Bd7 12. Nbd2 Qc7 13. a4 Rg8 14. Qc2 Rg7 15. Qd3 Rc8 16. Ne4 Kd8 17. c4 Bf5 18. Qc3 Bxe4 19. Rxe4 Qd7 20. Qa5+ Qc7 21. Qc3 Qd7 22. Qa5+ Qc7 23. Qc3 1/2-1/2

[Event "Hastings Masters op 92nd"]
[Site "Hastings"]
[Date "2016.12.28"]
[Round "1"]
[White "Reher, Wolfgang"]
[Black "Rayner, Francis"]
[Result "0-1"]
[WhiteElo "1832"]
[BlackElo "2080"]
[PlyCount "46"]
[EventDate "2016.12.28"]
[EventType "swiss"]
[EventRounds "9"]
[EventCountry "ENG"]
[SourceTitle "CBM 176 Extra"]
[Source "ChessBase"]
[SourceDate "2017.03.02"]
[SourceVersion "1"]
[SourceVersionDate "2017.03.02"]
[SourceQuality "1"]

1. f4 g6 2. Nf3 Bg7 3. e4 c5 4. g3 Nc6 5. Bg2 d6 6. 0-0 Rb8 7. c3 c4 8. b3 Nf6 9. Re1 Qb6+ 10. d4 cxd3+ 11. Be3 Qa6 12. e5 dxe5 13. Nxe5 Nxe5 14. fxe5 Ng4 15. Bd4 h5 16. Be4 Bxe5 17. Nd2 Bxd4+ 18. cxd4 Qd6 19. Nf3 h4 20. Kg2 hxg3 21. hxg3 Nf6 22. Ng5 Nxe4 23. Rxe4 Qd5 0-1

[Event "Hastings Masters op 91st"]
[Site "Hastings"]
[Date "2015.12.28"]
[Round "1"]
[White "Rayner, Francis"]
[Black "Spanton, Timothy"]
[Result "1-0"]
[WhiteElo "2106"]
[BlackElo "1936"]
[PlyCount "73"]
[EventDate "2015.12.28"]
[EventType "swiss"]
[EventRounds "9"]
[EventCountry "ENG"]
[SourceTitle "CBM 170 Extra"]
[Source "ChessBase"]
[SourceDate "2016.02.25"]
[SourceVersion "1"]
[SourceVersionDate "2016.02.25"]
[SourceQuality "1"]

1. e4 e6 2. d4 d5 3. Nc3 Bb4 4. e5 c5 5. Bd2 Ne7 6. dxc5 Nbc6 7. Qg4 Ng6 8. Nf3 Bxc5 9. Bd3 Nb4 10. 0-0 Nxd3 11. cxd3 Bd7 12. d4 Be7 13. Bg5 f6 14. exf6 gxf6 15. Bh6 Kf7 16. Rfe1 Bf8 17. Bxf8 h5 18. Qg3 Rxf8 19. Re3 Rc8 20. Rae1 Rg8 21. Nh4 Ne5 22. Qf4 Ng6 23. Nxg6 Rxg6 24. Rg3 Qc7 25. Qh4 Rh6 26. h3 Qd6 27. Ree3 Rc4 28. b3 Rc8 29. Ref3 Rch8 30. Rf4 Qe7 31. Re3 f5 32. Qxe7+ Kxe7 33. Rxf5 Rg6 34. Nxd5+ Kd6 35. Rf6 Rhg8 36. Rxg6 Rxg6 37. Nf4 1-0

[Event "Hastings Masters op 90th"]
[Site "Hastings"]
[Date "2015.01.02"]
[Round "5"]
[White "Rayner, Francis"]
[Black "Flear, Glenn C"]
[Result "0-1"]
[WhiteElo "2148"]
[BlackElo "2460"]
[PlyCount "84"]
[EventDate "2014.12.29"]
[EventType "swiss"]
[EventRounds "9"]
[EventCountry "ENG"]
[SourceTitle "CBM 164 Extra"]
[Source "ChessBase"]
[SourceDate "2015.03.02"]
[SourceVersion "1"]
[SourceVersionDate "2015.03.02"]
[SourceQuality "1"]

1. e4 e5 2. Nf3 Nc6 3. Bb5 a6 4. Ba4 Nf6 5. 0-0 b5 6. Bb3 Bb7 7. d3 h6 8. Nc3 g6 9. h3 Bg7 10. Be3 0-0 11. a4 b4 12. Nd5 a5 13. c3 Nxd5 14. Bxd5 Rb8 15. Qd2 bxc3 16. bxc3 Kh7 17. Rab1 Ba8 18. Rb5 d6 19. Qa2 f5 20. exf5 gxf5 21. Rfb1 Rxb5 22. axb5 Ne7 23. Bxa8 Qxa8 24. b6 cxb6 25. Rxb6 e4 26. dxe4 fxe4 27. Nd4 Nd5 28. Rxd6 Nxe3 29. fxe3 a4 30. Rd7 a3 31. Ne6 Rg8 32. c4 Qa4 33. Rf7 Qd1+ 34. Kh2 Qd6+ 35. Nf4 Kh8 36. Qc2 Qa6 37. Qa2 Be5 38. c5 Qg6 39. Kh1 Qg3 40. Qe2 a2 41. Qxa2 Qe1+ 42. Kh2 Qxe3 0-1

[Event "West Wales op 47th"]
[Site "Swansea"]
[Date "2014.11.30"]
[Round "4"]
[White "Haigh, Tony"]
[Black "Rayner, Francis"]
[Result "0-1"]
[WhiteElo "1772"]
[BlackElo "2148"]
[PlyCount "116"]
[EventDate "2014.11.28"]
[EventType "swiss"]
[EventRounds "5"]
[EventCountry "WLS"]
[SourceTitle "EXT 2016"]
[Source "ChessBase"]
[SourceDate "2015.10.08"]
[SourceVersion "1"]
[SourceVersionDate "2015.10.08"]
[SourceQuality "1"]

1. d4 Nf6 2. Bg5 Ne4 3. Bf4 c5 4. f3 Qa5+ 5. c3 Nf6 6. Nd2 cxd4 7. Nb3 Qd8 8. cxd4 g6 9. e4 Bg7 10. Bd3 d6 11. Ne2 Nc6 12. Rc1 0-0 13. 0-0 a5 14. a4 Nb4 15. Bb5 Bd7 16. Nc3 Qb6 17. Be3 Be6 18. Na1 Rfc8 19. Qe2 Qd8 20. d5 Bd7 21. Nc2 Na6 22. Na3 Nc5 23. Qd1 Bxb5 24. Naxb5 Nfd7 25. Bd4 Ne5 26. Rb1 Ned3 27. Qe2 Bxd4+ 28. Nxd4 Qb6 29. Rfd1 Nb4 30. Qb5 Qa7 31. Kf1 Ncd3 32. Nce2 Rc2 33. Rxd3 Rc5 34. Rc3 Rxb5 35. Nxb5 Qb6 36. Rc7 Qe3 37. Nbc3 Nd3 38. Nd1 Qd2 39. Nf2 Nxf2 40. Kxf2 Kf8 41. Rbc1 Qxb2 42. Rd7 Qb6+ 43. Kg3 Rd8 44. Rdc7 Qb2 45. R1c2 Qe5+ 46. Kf2 Rb8 47. Rd7 Qxh2 48. Rcc7 b5 49. axb5 Rxb5 50. Rc8+ Kg7 51. Re8 Qh4+ 52. Ke3 Rb3+ 53. Kd2 Qf2 54. Rexe7 Qe3+ 55. Kd1 Rb2 56. Rxf7+ Kh6 57. Rxh7+ Kg5 58. f4+ Kg4 0-1

[Event "Olympiad-41"]
[Site "Tromsoe"]
[Date "2014.08.14"]
[Round "11.4"]
[White "Daly, Colm"]
[Black "Rayner, Francis"]
[Result "1-0"]
[WhiteElo "2323"]
[BlackElo "2177"]
[PlyCount "79"]
[EventDate "2014.08.02"]
[EventType "team-swiss"]
[EventRounds "11"]
[EventCountry "NOR"]
[SourceTitle "CBM 162"]
[Source "ChessBase"]
[SourceDate "2014.09.17"]
[SourceVersion "1"]
[SourceVersionDate "2014.09.17"]
[SourceQuality "1"]
[WhiteTeam "Ireland"]
[BlackTeam "Wales"]
[WhiteTeamCountry "IRL"]
[BlackTeamCountry "WLS"]

1. c4 e5 2. g3 Nf6 3. Bg2 c6 4. d4 Bb4+ 5. Bd2 Bxd2+ 6. Qxd2 d6 7. Nc3 0-0 8. e3 Qe7 9. Nge2 Re8 10. h3 Nbd7 11. f4 exf4 12. exf4 Nb6 13. b3 Bf5 14. 0-0-0 d5 15. c5 Nbd7 16. g4 Ne4 17. Bxe4 Bxe4 18. Rhe1 Qh4 19. Ng1 b6 20. Na4 bxc5 21. Nxc5 Nxc5 22. dxc5 a5 23. Kb2 Reb8 24. Ka3 Qe7 25. Rc1 Rb5 26. Qc3 Qb7 27. Red1 Rb8 28. Rd4 Rb4 29. Ne2 Qb5 30. Ng3 Bg2 31. Nf5 Rxd4 32. Nxd4 Qb7 33. h4 Be4 34. g5 Qc7 35. Rf1 Rb4 36. h5 h6 37. gxh6 gxh6 38. Rg1+ Kf8 39. Ne6+ fxe6 40. Qh8+ 1-0

[Event "Hastings Masters op 89th"]
[Site "Hastings"]
[Date "2013.12.29"]
[Round "2"]
[White "Rayner, Francis"]
[Black "Gunn, Michael J"]
[Result "1-0"]
[WhiteElo "2192"]
[BlackElo "1727"]
[PlyCount "57"]
[EventDate "2013.12.28"]
[EventType "swiss"]
[EventRounds "9"]
[EventCountry "ENG"]
[SourceTitle "CBM 158 Extra"]
[Source "ChessBase"]
[SourceDate "2014.02.28"]
[SourceVersion "1"]
[SourceVersionDate "2014.02.28"]
[SourceQuality "1"]

1. e4 e6 2. d4 d5 3. Nd2 Nf6 4. e5 Nfd7 5. f4 c5 6. Ngf3 Nc6 7. Nb3 c4 8. Nbd2 b5 9. Be2 Qb6 10. Nf1 f6 11. Ne3 Be7 12. f5 Nf8 13. exf6 Bxf6 14. c3 Qd8 15. fxe6 Bxe6 16. 0-0 Ng6 17. Ne1 0-0 18. Bg4 Qd7 19. Bxe6+ Qxe6 20. Qh5 Nce7 21. Ng4 Kh8 22. Nf3 Ng8 23. Bg5 N6e7 24. Rae1 Qf7 25. Qxf7 Rxf7 26. Nfe5 Rff8 27. Nd7 Rfe8 28. Ndxf6 Nxf6 29. Nxf6 1-0

[Event "Paignton op"]
[Site "Paignton"]
[Date "2013.09.05"]
[Round "5"]
[White "Dilleigh, Stephen P"]
[Black "Rayner, Francis"]
[Result "1-0"]
[WhiteElo "2135"]
[BlackElo "2181"]
[PlyCount "81"]
[EventDate "2013.09.01"]
[EventType "swiss"]
[EventRounds "7"]
[EventCountry "ENG"]
[SourceTitle "EXT 2016"]
[Source "ChessBase"]
[SourceDate "2015.10.08"]
[SourceVersion "1"]
[SourceVersionDate "2015.10.08"]
[SourceQuality "1"]

1. d4 Nf6 2. c4 c5 3. d5 e5 4. Nc3 d6 5. e4 g6 6. Be2 Bg7 7. Bg5 h6 8. Be3 a6 9. a4 Qa5 10. Bd2 Qc7 11. h4 h5 12. Nh3 Bh6 13. Ng5 Qe7 14. a5 Nbd7 15. g3 0-0 16. 0-0 Kg7 17. Kg2 Rh8 18. f3 Nh7 19. Qc1 Nhf8 20. Bd3 f6 21. Nh3 Bxd2 22. Qxd2 Nh7 23. f4 exf4 24. gxf4 f5 25. Ng5 Nxg5 26. hxg5 fxe4 27. Nxe4 Re8 28. Rae1 Qf8 29. Qc3+ Kh7 30. Rh1 Kg8 31. Kg3 Re7 32. Rhf1 Rf7 33. b3 h4+ 34. Kh2 Rxf4 35. Nf6+ Nxf6 36. gxf6 Rxf1 37. Rxf1 Qh6 38. f7+ Kf8 39. Qf6 Qd2+ 40. Rf2 Qxd3 41. Qh8+ 1-0

[Event "Paignton op"]
[Site "Paignton"]
[Date "2013.09.04"]
[Round "4"]
[White "Rayner, Francis"]
[Black "Fegan, Chris"]
[Result "1-0"]
[WhiteElo "2181"]
[BlackElo "2013"]
[PlyCount "53"]
[EventDate "2013.09.01"]
[EventType "swiss"]
[EventRounds "7"]
[EventCountry "ENG"]
[SourceTitle "EXT 2016"]
[Source "ChessBase"]
[SourceDate "2015.10.08"]
[SourceVersion "1"]
[SourceVersionDate "2015.10.08"]
[SourceQuality "1"]

1. e4 g6 2. d4 Bg7 3. Nf3 d6 4. Bc4 Nf6 5. Qe2 0-0 6. 0-0 Bg4 7. e5 dxe5 8. dxe5 Nd5 9. Nbd2 Nc6 10. Qe4 Bxf3 11. Nxf3 Nb6 12. Bb3 Na5 13. Bg5 Nxb3 14. axb3 Qd5 15. Qh4 f6 16. Bh6 Qf7 17. Bxg7 Kxg7 18. Rfe1 g5 19. Qb4 e6 20. exf6+ Qxf6 21. Qg4 h6 22. Rxe6 Qxb2 23. Rae1 Rf7 24. Qh5 Rf6 25. Nxg5 Raf8 26. Rxf6 Qxf6 27. Ne6+ 1-0

[Event "Paignton op"]
[Site "Paignton"]
[Date "2013.09.03"]
[Round "3"]
[White "Arkell, Keith C"]
[Black "Rayner, Francis"]
[Result "1-0"]
[WhiteElo "2451"]
[BlackElo "2181"]
[PlyCount "107"]
[EventDate "2013.09.01"]
[EventType "swiss"]
[EventRounds "7"]
[EventCountry "ENG"]
[SourceTitle "EXT 2016"]
[Source "ChessBase"]
[SourceDate "2015.10.08"]
[SourceVersion "1"]
[SourceVersionDate "2015.10.08"]
[SourceQuality "1"]

1. d4 Nf6 2. Nf3 e6 3. c3 b6 4. Bg5 Bb7 5. Nbd2 Be7 6. e3 d6 7. Bd3 Nbd7 8. e4 e5 9. 0-0 0-0 10. Re1 Nh5 11. Be3 g6 12. Bh6 Re8 13. Bc4 Bf6 14. Qb3 Qe7 15. h4 Ng7 16. Ng5 Ne6 17. Ndf3 exd4 18. cxd4 Bg7 19. Bxg7 Kxg7 20. Rac1 Rac8 21. Bxe6 fxe6 22. d5 Nf8 23. Nxe6+ Nxe6 24. dxe6 Qxe6 25. Qxe6 Rxe6 26. Nd4 Rxe4 27. Rxe4 Bxe4 28. Nb5 Bf5 29. Nxa7 Rd8 30. Rxc7+ Rd7 31. Nb5 d5 32. Rxd7+ Bxd7 33. Nd4 Kf6 34. f4 h6 35. Kf2 g5 36. fxg5+ hxg5 37. g3 gxh4 38. gxh4 Ke5 39. Ke3 Be8 40. Nf3+ Kf5 41. Nh2 Ke5 42. Ng4+ Kf5 43. Nf2 Bf7 44. a3 Ke5 45. Ng4+ Kd6 46. Kd4 Bh5 47. Ne3 Bf3 48. Nc2 Bd1 49. Nb4 Bf3 50. Nd3 Be4 51. Nf4 Kc6 52. h5 Kd6 53. h6 Kc6 54. Nxd5 1-0